000 00485cam a2200193 4500
008 090401t1983 xxu||||| |||| 00| 0 eng d
020 _a0851250599
035 _a(Sirsi) u860
041 _aeng
050 _a693.97
110 _aBuilding Research Establishment
245 4 _aThe structural condition of Woolaway houses
260 _aGarston, Watford
_bBRE
_c1983
300 _a21p. ill. 30cm
350 _a5
650 _aWOOLAWAY HOUSES
942 _n0
948 _c04/03/1997
999 _c85597
_d85597